German Area Codes - Statistics

General Stats
  • This quiz has been taken 41 times
  • The average score is 63 of 78
Answers on the Map
Answers color-coded by a green-red scale on the quiz's map according to % correct below.
 
Answer Stats
Answer % Correct
23
89%
26
89%
27
89%
30
89%
33
89%
34
89%
35
89%
36
89%
37
89%
38
89%
39
89%
45
89%
46
89%
48
89%
20
85%
21
85%
22
85%
24
85%
25
85%
28
85%
40
85%
41
85%
42
85%
43
85%
44
85%
47
85%
49
85%
91
85%
29
81%
81
81%
84
81%
89
81%
90
81%
94
81%
96
81%
98
81%
99
81%
50
78%
51
78%
52
78%
53
78%
54
78%
55
78%
56
78%
57
78%
58
78%
59
78%
60
78%
61
78%
69
78%
70
78%
71
78%
73
78%
80
78%
82
78%
83
78%
85
78%
86
78%
87
78%
88
78%
92
78%
93
78%
95
78%
97
78%
62
74%
63
74%
64
74%
65
74%
66
74%
67
74%
68
74%
72
74%
76
74%
77
74%
78
74%
74
70%
75
70%
79
70%
No matching quizzes found
Score Distribution
Percent of People with Each Score
Percentile by Number Answered
Your Score History
You have not taken this quiz